000 00645nam a22001937a 4500
999 _c62323
_d62323
005 20240926110111.0
008 240926s2024 eng||||| |||| 00| 0 eng d
020 _a9781032381510x
041 _aeng
080 _a5045.5:574
100 _aGupta, Pankaj
_923290
245 _aEnvironmental Toxicology /
_cPankaj Gupta, Amit Chanjta, Yogesh Mehta.
264 _aBoca Raton :
_bCRC Press,
_c2024.
300 _a332 p.;
_b25 cm.
653 _aგარემოს ტოქსიკოლოგია
700 _aChanjta, Amit
_eავტორი
_923291
700 _aMehta, Yogesh
_eავტორი
_923292
942 _2udc
_cᲬᲘᲒᲜᲘ